000 00816nas a2200265 4500
001 BR9702549
003 BR-BrBNA
005 20231205100214.0
007 ta
008 230509b bl.|||p| |||| 00| 00por d
040 _aBR-BrBNA
_bpor
_cBiblioteca Nacional de Agricultura
041 _a(Pt)
072 _aH60
100 1 _aVoll, E.
100 1 _aKaram, D.
100 1 _aGazziero, D.L.P.
245 1 _aDinamica de populacoes de capim-colchao (Digitaria horizontalis Willd.)sob manejos de solo e de herbicidas
650 _aCapim Colchao
650 _aHerbicida
650 _aPlantio Direto
650 _aEmergencia
773 0 _tPesquisa Agropecuaria Brasileira (Brazil)
_xISSN 0100-204X
_g(Apr 1997), v. 32(4) p. 373-378
_wBR9702549
909 _a202311
_bLúcia
_c55
_dLúcia Elande
942 _2AGRIS
_n0
_cANA
999 _c154758
_d154758